မိထွေးတော်ဂေါတမီနှင့် ဘိက္ခုနီသာသနာ / (Record no. 41091)

000 -LEADER
fixed length control field 01032nam a2200229Ia 4500
003 - CONTROL NUMBER IDENTIFIER
control field OSt
005 - DATE AND TIME OF LATEST TRANSACTION
control field 20241119153627.0
007 - PHYSICAL DESCRIPTION FIXED FIELD--GENERAL INFORMATION
fixed length control field ca aa aaaaa
008 - FIXED-LENGTH DATA ELEMENTS--GENERAL INFORMATION
fixed length control field 201103s9999 xx 000 0 und d
040 ## - CATALOGING SOURCE
Transcribing agency SSBUL
041 ## - LANGUAGE CODE
Language code of text/sound track or separate title bur
082 ## - DEWEY DECIMAL CLASSIFICATION NUMBER
Edition number 23
Classification number ၂၉၄.၃၆၅၇ ပ
Item number ၁၃၁၁၃ S-SAT
100 0# - MAIN ENTRY--PERSONAL NAME
Personal name ပညာဝံသ၊ အရှင်။
9 (RLIN) 18211
245 10 - TITLE STATEMENT
Title မိထွေးတော်ဂေါတမီနှင့် ဘိက္ခုနီသာသနာ /
Statement of responsibility, etc. အရှင် ပညာဝံသ။
250 ## - EDITION STATEMENT
Edition statement ဒုတိယအကြိမ်။
260 ## - PUBLICATION, DISTRIBUTION, ETC.
Place of publication, distribution, etc. ရန်ကုန် ၊
Name of publisher, distributor, etc. သာသနာထွန်းကားပြန့်ပွားရေးဦးစီးဌာန၊
Date of publication, distribution, etc. ၂၀၁၀။
300 ## - PHYSICAL DESCRIPTION
Extent ခေါ့ ၊ ၄၃၁ စာမျက်နှာ ၊
Dimensions ၂၁ စင်တီ။
500 ## - GENERAL NOTE
General note S-SAT: Dr. Sai Aung Tun
650 ## - SUBJECT ADDED ENTRY--TOPICAL TERM
Topical term or geographic name entry element ဘိက္ခုနီသာသနာ
9 (RLIN) 34632
Topical term or geographic name entry element ဗုဒ္ဓဘာသာသီလရှင်
9 (RLIN) 54310
942 ## - ADDED ENTRY ELEMENTS (KOHA)
Koha item type Book (Short term)
Source of classification or shelving scheme
Holdings
Withdrawn status Lost status Source of classification or shelving scheme Damaged status Not for loan Collection code Permanent Location Current Location Shelving location Date acquired Total Checkouts Full call number Barcode Date last seen Price effective from Koha item type Accession
          Special Collections Shan State Buddhist University Library Shan State Buddhist University Library Special Collection Shelves 19/11/2024   ၂၉၄.၃၆၅၇ ပ ၁၃၁၁၃ S-SAT MB00013113 19/11/2024 19/11/2024 Book (Short term) ၁၃၁၁၃ S-SAT

Library - 09407999929
Admin Office - 09407999979
Dean Office - 09250910768
Registrar Office - 09892297154
Email - [email protected]
Shan State Buddhist University, Phaya Phyu Taunggyi, Shan State, Myanmar.